000 00773nam a2200265Ia 4500
003 OSt
005 20221006151451.0
006 a|||||r|||| 00| 0
007 ta
008 221006b |||||||| |||| 00| 0 eng d
024 _a22,220
037 _cTextual
040 _aEASL
_cEASL
_beng
041 _2eng
_aeng
082 _aV41:1942,(X:5), L2
100 _aHSIAO Gene T
245 0 _aNonrecognition and trade
_b Cost study of the fourth Sino-Japanese trade agreement
260 _aIllinois
_bSouthern Illinois University
_c1972
300 _a25p.
_ccm.
490 _aAsian Studies: Occasional papers series, number
650 _a JEL
650 _aCEL
942 _hV41:1942,(X:5), L2
_cTEXL
_2CC
999 _c1090306
_d1090306